Investigating talent management philosophies

Koncept talentovaného zamestnanca. Pohľad zamestnancov a zamestnávateľov na charakteristiku talentovaného zamestnanca. Prehľad preferncií riadeného rozvoja kompetencií zamestnanca. Prieskum v názoroch zamestnancov ohľadom možných oblastí rozvoja talentu.

Salvato in:
Dettagli Bibliografici
Autore principale: Urbancová, Hana
Altri autori: Vnoučková, Lucie
Natura: Capitolo di libro
Lingua:inglese
Soggetti:
Tags: Aggiungi Tag
Nessun Tag, puoi essere il primo ad aggiungerne!!

MARC

LEADER 00000nla a2200000 4500
001 0215996
005 20240417075106.6
041 0 |a eng 
044 |a CZ 
245 1 0 |a Investigating talent management philosophies  |c Hana Urbancová, Lucie Vnoučková 
520 |a Koncept talentovaného zamestnanca. Pohľad zamestnancov a zamestnávateľov na charakteristiku talentovaného zamestnanca. Prehľad preferncií riadeného rozvoja kompetencií zamestnanca. Prieskum v názoroch zamestnancov ohľadom možných oblastí rozvoja talentu. 
610 2 0 |a kompetencie 
610 2 0 |a rozvoj pracovníkov 
610 2 0 |a zamestnanci 
610 2 0 |a talenty 
610 2 0 |a talent manažment 
100 1 |a Urbancová, Hana 
700 1 |a Vnoučková, Lucie